00582nam a2200157 4500001000700000003000900007007000300016008004100019100003500060245006700095260005800162300003500220852003100255999001900286952011900305109568ES-MaACLt|061121s1968 sp r ||||1| spa d1 aMunar y Oliver, Gaspar.98416914aLos santuarios marianos de Mallorca / cGaspar Munar y Oliver. aPalma de Mallorca : bImprenta SS. Corazones, c1968. aVII, 495 p. : bil. ; c24 cm. aES-MaACLjB-8569 bR.66379 c109568d109568 00104070aATENEOMbATENEOMcSPBd2008-01-17eSCl0oB-8569p1114322r2023-02-23 00:00:00w2023-02-23yMONOGRAFIA